Rozpoznaj nazwę polskiego zespołu po tłumaczeniu na angielski - Statystyki

Ogólne statystyki
  • Ten quiz został rozwiązany 110 razy
  • Średni wynik to 20 z 30
Statystyki odpowiedzi
Nazwa po angielsku Nazwa po polsku % Poprawnych
The Red Guitars Czerwone Gitary
98%
Jam Dżem
98%
The Wolves Wilki
97%
The Republic Republika
96%
The Electric Guitars Elektryczne Gitary
92%
The Cult Kult
92%
Army Armia
87%
Israel Izrael
85%
Captain Nemo Kapitan Nemo
85%
Caliber 44 Kaliber 44
82%
The Roses of Europe Róże Europy
81%
The Three Of Them Ich Troje
78%
The Flower of Apple Tree Kwiat Jabłoni
77%
Tears Łzy
76%
Boys From The Square of Arms Chłopcy z Placu Broni
75%
One Two Three Raz Dwa Trzy
73%
Night Lover Nocny Kochanek
71%
Blue Blacks Niebiesko-Czarni
64%
Citizen G.C Obywatel G.C.
62%
Wanda and The Gang Wanda i Banda
60%
Breasts Piersi
55%
Closed Hospital Ward Oddział Zamknięty
54%
Filipino Girls Filipinki
49%
Crisis Brigade Brygada Kryzys
43%
Asia's Stiff Stake Sztywny Pal Azji
35%
Formation of Dead Pork Chops Formacja Nieżywych Schabuff
33%
Pawnshop Lombard
29%
Neon Lights Neony
24%
Prompter Booth Budka Suflera
23%
Scarecrows On Sticks Strachy na Lachy
21%
Nie znaleziono quizów pasujących do podanych kryteriów
Rozkład punktacji
Procent ludzi z każdym wynikiem
Percentyl według liczby udzielonych odpowiedzi
Twoja historia wyników
Nie rozwiązałeś tego quizu